| 000 | 00627nam a2200169Ia 4500 | ||
|---|---|---|---|
| 008 | 180921t2018 xxu||||| |||| 00| 0 sin d | ||
| 041 | _asin | ||
| 080 |
_aX 92 NI _bAHA |
||
| 100 | _aSumanasiri Himi,Hakmana | ||
| 245 | _aනිදහස් ලංකාවේ ප්රථම අග්රාමාත්ය, ඩී.එස්. සේනානායක මැතිතුමා | ||
| 246 | _aNidahas Lankawe Prathama Agramathya, D.S.Senanayaka Mathithuma | ||
| 260 |
_bSiri Vajiraghana Dhamma School _aMaharagama _c2018 |
||
| 300 | _b75p, 18cm | ||
| 942 | _cBK | ||
| 999 |
_c182 _d182 |
||
| 003 | LK-CoDNM | ||
| 040 |
_aLK-CoDNM _dLK-CoDNM _eLK-CoDNM |
||